000 01806nam a2200397 c 4500
999 _c195101
_d195101
003 BLK
005 20200428083010.0
008 180411b bul|||||r ||||||| ||bul||
010 _aKNG00204338000
040 _aBLK
041 _aBUL
_cBUL
072 7 _2bullib
_aА
_xФонд Михаил Арнаудов
072 7 _2bullib
_aЯ
_xАвтографи
080 _aЛитературна критика
_b82.09
_x(497.2)(092)
_z82.09(497.2)(092)
080 _aВладимир Василев Матеев. Български литературен критик
_b929 Василев, Владимир
_z929 Василев, Владимир
100 1 _aГълъбов, Константин Спасов
_eпърви автор
_9373188
139 _aГълъбов, Константин Спасов
_bВ 24
245 1 0 _aПакостната дейност на един критик - Владимир Василев
_cКонстантин Спасов Гълъбов.
257 _aBGR
260 _bИзд. авт.
_c1927
_fСофия : Ив. Г. Игнатов и синове
300 _a48 с.
_c23 см
380 _a82
490 1 _aЛитературен кръг Стрелец
490 _aЧастна колекция - Академик Михаил Арнаудов
_9396381
_gДарение - Основен фонд
500 _aАвтограф с текст: На г. Проф. М. Арнаудов малък дар от автора. - Мека подв.
600 1 4 _aВасилев, Владимир
_9270041
650 4 _aЛитературна критика, българска
_9241943
653 _aлитературни критици
653 _aВладимир Василев
659 _aА
659 _aЯ
852 _aМА 1923
_bМА
856 4 _qpdf
856 4 _qpdf
942 _cKNG
_n0
_s1
944 _aCR
_c04.04.2017
_kГеновева_Генчева
944 _aED
_c04.04.2017
_kГеновева_Генчева
999 _d195101